Same Last Name Quiz Stats

 Plays Quiz Updated Oct 3, 2018

Score 0/20 Timer 08:00
1 Play Today
Clue Last Name % Correct
Astronaut and jazz greatNeil and Louis Armstrong
94.7%
Infamous figure skater and US PresidentTonya and Warren G. Harding
47.1%
Harry Potter actress and Nobel winning biologistEmma and James Watson
45.8%
Ohio State football coach and vampire fiction writerUrban and Stephenie Meyer
40.8%
US President and funk musicianBill and George Clinton
38.1%
Famous nurse and actress on the OCClara and Mischa Barton
33.9%
Famous author's real name and former Yankees pitcherSamuel and Roger Clemens
27.3%
60 Minutes commentator and Premier League strikerAndy and Wayne Rooney
23.7%
African-American novelist and deceased rock starToni and Jim Morrison
20.8%
Segregationist governor and author of Infinite JestGeorge and David Foster Wallace
20.6%
Clue Last Name % Correct
Architect and SimCity game designerFrank Lloyd and Will Wright
16.6%
Children's television host and sci-fi comic strip characterFred and Buck Rogers
16.2%
Detroit Tigers hall of famer and 12 Angry Men actorTy and Lee J. Cobb
11.7%
Medical thriller author and British explorerRobin and James Cook
10.9%
Clint Eastwood title role and Wikipedia founderThe Outlaw Josey and Jimbo Wales
10.5%
NPR host and minimalist composerIra and Philip Glass
8%
Supreme Court chief justice and songwriterEarl and Diane Warren
7.1%
Grey's Anatomy actor and corporate founderT.R. and Phil Knight
5.2%
Game show host and Nobel-winning medical pioneerArt and Alexander Fleming
4.2%
Oscar-winning actor and video game protagonistMorgan and Gordon Freeman
1.7%

You're not logged in!

Compare scores with friends on all Sporcle quizzes.
OR
Log In

Sporcle TV

Today on Sporcle TV


Watch our educational content, quiz creation guides, and fun videos on Sporcle TV.

Show Comments

Extras

Top Quizzes Today


Score Distribution

Your Account Isn't Verified!

In order to create a playlist on Sporcle, you need to verify the email address you used during registration. Go to your Sporcle Settings to finish the process.

Report this User

Report this user for behavior that violates our Community Guidelines.

Details: